000 00420nam a22001457a 4500
999 _c161232
_d161232
003 OSt
082 _a630
_bGOI/RE
245 _aReport of the national commission on agriculture 1976:
_bpart 14 planning ,statistics and administration
260 _aNew Delhi
_bMinistry of Agriculture and Irrigation
_c1976
300 _axiii,321p.
546 _aEnglish
650 _aPlanning
650 _aStatistics
942 _2ddc
_cBK